[Event "10th EUR-ch (w)"]
[Site "Sankt Petersburg RUS"]
[Date "2009.03.17"]
[Round "9"]
[White "Stepovaya, Tatiana"]
[Black "Botsari, Anna-Maria"]
[Result "0-1"]
[WhiteElo "2379"]
[BlackElo "2289"]
[EventDate "2009.03.08"]
[PlyCount "106"]

1.e4 c5 2.d3 Nc6 3.f4 g6 4.Nf3 Bg7 5.g3 d6 6.Bg2 b6 7.O-O Bb7 8.c3 Qd7 9.
Be3 Nh6 10.h3 f5 11.Nbd2 Nf7 12.Re1 O-O 13.a4 Rae8 14.Nc4 e6 15.exf5 gxf5 
16.d4 cxd4 17.cxd4 Nb4 18.Bf2 Be4 19.Ne3 Nd3 20.Re2 Rc8 21.Rd2 Nxf2 22.
Kxf2 Qb7 23.Ra3 Rfd8 24.Rc3 d5 25.Ng5 Nxg5 26.fxg5 Rxc3 27.bxc3 Qc7 28.
Bxe4 fxe4 29.Qg4 Qxc3 30.Qxe6+ Kh8 31.Ke2 Bxd4 32.Rxd4 Qxd4 33.Nf5 Qb2+ 
34.Ke3 Qc3+ 35.Kf4 Rf8 36.g4 Qd2+ 37.Kg3 Qxg5 38.Qe5+ Qf6 39.Qxd5 Re8 40.
Nd6 Qf3+ 41.Kh2 Rf8 42.Nf5 Qf4+ 43.Kg2 e3 44.Qe6 Qf2+ 45.Kh1 Qf1+ 46.Kh2 
Qe2+ 47.Kg1 Qd1+ 48.Kg2 Qc2+ 49.Kg1 Qc1+ 50.Kg2 Qb2+ 51.Kf3 e2 52.Qe7 Rc8 
53.Kf4 Qd2+ 0-1

[Event "10th EUR-ch (w)"]
[Site "Sankt Petersburg RUS"]
[Date "2009.03.17"]
[Round "9"]
[White "Zayats, Elena"]
[Black "Daulyte, Deimante"]
[Result "1-0"]
[WhiteElo "2364"]
[BlackElo "2279"]
[EventDate "2009.03.08"]
[PlyCount "83"]

1.d4 Nf6 2.c4 g6 3.Nc3 Bg7 4.e4 d6 5.Be2 O-O 6.Bg5 Na6 7.Nf3 h6 8.Bh4 e5 
9.dxe5 dxe5 10.Qxd8 Rxd8 11.Bg3 Nc5 12.Nd2 Nh7 13.O-O-O Nd3+ 14.Bxd3 Rxd3 
15.Nd5 c6 16.Ne7+ Kf8 17.Nxc8 Rxc8 18.Nf3 Rxd1+ 19.Rxd1 Ng5 20.Bxe5 Nxf3 
21.Bxg7+ Kxg7 22.gxf3 Rc7 23.Rd8 Kf6 24.Kd2 Ke7 25.Rd3 b6 26.f4 Rc8 27.Ke3
Ke6 28.e5 Ke7 29.Rd6 h5 30.Ke4 Rc7 31.f5 gxf5+ 32.Kxf5 c5 33.f4 Rc8 34.Rd3
Rg8 35.Ra3 a5 36.Rb3 Rg6 37.Rg3 Rc6 38.Rg8 h4 39.h3 Re6 40.b3 Rc6 41.Ke4 
Rc7 42.f5 1-0

[Event "10th EUR-ch (w)"]
[Site "Sankt Petersburg RUS"]
[Date "2009.03.17"]
[Round "9"]
[White "Lelekova, Olga"]
[Black "Motoc, Alina"]
[Result "1-0"]
[WhiteElo "2222"]
[BlackElo "2358"]
[EventDate "2009.03.08"]
[PlyCount "119"]

1.e4 c5 2.Nf3 d6 3.d4 cxd4 4.Nxd4 Nf6 5.Nc3 a6 6.Be2 e5 7.Nb3 Be7 8.O-O 
O-O 9.Be3 Be6 10.Nd5 Bxd5 11.exd5 Nbd7 12.Qd2 a5 13.Rad1 Re8 14.c4 b6 15.
f3 g6 16.Nc1 Nh5 17.Nd3 f5 18.b4 f4 19.Bf2 Bh4 20.a3 Ng7 21.Rc1 Bg5 22.Qb2
e4 23.fxe4 f3 24.Bxf3 Bxc1 25.Rxc1 Nh5 26.c5 bxc5 27.bxc5 dxc5 28.e5 Rb8 
29.Qc3 c4 30.Qxc4 Nxe5 31.Nxe5 Rxe5 32.d6+ Kf8 33.Qd4 Qf6 34.Rd1 Nf4 35.
Qa7 Reb5 36.Bd4 Qf7 37.d7 Ne6 38.Be4 Nf4 39.Bc5+ Kg7 40.Bd6 Ne2+ 41.Kh1 
Rd8 42.Qe3 Qxd7 43.Qxe2 Qxd6 44.Rxd6 Rxd6 45.h3 Re5 46.Qb2 Re6 47.Bd5 Re7 
48.a4 h5 49.Bc6 h4 50.Bb5 Kh6 51.Qd2+ g5 52.Qxa5 Re1+ 53.Kh2 Rd1 54.Qa6+ 
Kg7 55.Bd3 Ree1 56.Qg6+ Kf8 57.Qf6+ Kg8 58.Bc4+ Kh7 59.Qf7+ Kh6 60.Qf8+ 
1-0

[Event "10th EUR-ch (w)"]
[Site "Sankt Petersburg RUS"]
[Date "2009.03.17"]
[Round "9"]
[White "Vasilevich, Irina"]
[Black "Borisova, Elizaveta"]
[Result "1-0"]
[WhiteElo "2340"]
[BlackElo "2270"]
[EventDate "2009.03.08"]
[PlyCount "73"]

1.e4 d6 2.f4 Nf6 3.Nc3 d5 4.e5 d4 5.Nce2 Nd5 6.Nxd4 Nxf4 7.Ndf3 g6 8.d4 
Nd5 9.Ne2 Bg4 10.c4 Nb6 11.Nc3 Nc6 12.c5 Nd5 13.Bc4 e6 14.O-O Bg7 15.h3 
Bxf3 16.Qxf3 O-O 17.Nxd5 exd5 18.Bxd5 Nxd4 19.Bxf7+ Kh8 20.Qd3 Bxe5 21.Bh6
Bg7 22.Bxg7+ Kxg7 23.Bc4 Nf5 24.Rad1 Qxd3 25.Rxd3 Rad8 26.Rfd1 Rxd3 27.
Rxd3 Re8 28.g4 Nh4 29.Rd7+ Kh6 30.Rxc7 Rd8 31.Rxb7 Rd2 32.Rb3 Rc2 33.Rc3 
Rxb2 34.c6 Rb1+ 35.Bf1 Rb8 36.c7 Rc8 37.Ba6 1-0

[Event "10th EUR-ch (w)"]
[Site "Sankt Petersburg RUS"]
[Date "2009.03.17"]
[Round "9"]
[White "Charochkina, Daria"]
[Black "Akatova, Ekaterina"]
[Result "1-0"]
[WhiteElo "2316"]
[BlackElo "2261"]
[EventDate "2009.03.08"]
[PlyCount "81"]

1.e4 d5 2.exd5 Qxd5 3.Nf3 Bg4 4.Be2 Nf6 5.d4 e6 6.c4 Qd6 7.O-O c6 8.Nc3 
Be7 9.Rb1 Bf5 10.Bd3 Bxd3 11.Qxd3 a6 12.b4 O-O 13.Bg5 Nbd7 14.Rfe1 b5 15.
a4 bxc4 16.Qxc4 Nb6 17.Qc5 Qc7 18.Qa5 Rfd8 19.Ne5 Qb7 20.Ne4 Nxe4 21.Bxe7 
Rxd4 22.Bc5 Nc4 23.Bxd4 Nxa5 24.bxa5 Qc7 25.Rxe4 Qxa5 26.Nxc6 Qd2 27.Be3 
Qc2 28.Reb4 h6 29.Rc1 Qa2 30.a5 Kh7 31.h3 Rc8 32.Bb6 e5 33.Rbc4 Qb2 34.
R1c2 Qa1+ 35.Kh2 f5 36.Rd2 Qf1 37.Rc5 Qa1 38.Rd7 Qa4 39.Bc7 Re8 40.Bxe5 
Rxe5 41.Nxe5 1-0

[Event "10th EUR-ch (w)"]
[Site "Sankt Petersburg RUS"]
[Date "2009.03.17"]
[Round "9"]
[White "Galoian, Lilit"]
[Black "Kazimova, Narmin"]
[Result "1-0"]
[WhiteElo "2316"]
[BlackElo "2165"]
[EventDate "2009.03.08"]
[PlyCount "97"]

1.Nf3 Nf6 2.c4 e6 3.g3 d5 4.d4 dxc4 5.Qa4+ c6 6.Qxc4 b5 7.Qc2 Bb7 8.Bg2 
Nbd7 9.O-O Be7 10.Nc3 O-O 11.Bg5 h6 12.Bxf6 Nxf6 13.Rfd1 Rc8 14.Ne5 a6 15.
Ne4 Nxe4 16.Bxe4 Qc7 17.Nd3 Rcd8 18.e3 Bd6 19.Rac1 Qe7 20.Nc5 Bxc5 21.Qxc5
Qxc5 22.Rxc5 Rd6 23.a4 f6 24.f4 Kf7 25.Rdc1 Rc8 26.g4 Ke7 27.f5 exf5 28.
gxf5 Kd7 29.Kf2 Re8 30.Bf3 bxa4 31.Ra5 Kc7 32.Rxa4 Kb6 33.Rb4+ Ka7 34.Rc5 
Re7 35.h4 Ba8 36.e4 Rd8 37.Ke3 Rde8 38.Kf4 Rf8 39.Bh5 Bb7 40.Bg6 Rd8 41.e5
fxe5+ 42.dxe5 Rf8 43.Ke4 Bc8 44.h5 Bd7 45.e6 Rb8 46.Rxb8 Kxb8 47.Ke5 Kc7 
48.Rc3 Bc8 49.Bf7 1-0

[Event "10th EUR-ch (w)"]
[Site "Sankt Petersburg RUS"]
[Date "2009.03.17"]
[Round "9"]
[White "Paulet, Iozefina"]
[Black "Arabidze, Meri"]
[Result "1-0"]
[WhiteElo "2315"]
[BlackElo "2246"]
[EventDate "2009.03.08"]
[PlyCount "67"]

1.e4 c6 2.Nc3 d5 3.Nf3 Bg4 4.h3 Bh5 5.exd5 cxd5 6.Bb5+ Nc6 7.g4 Bg6 8.Ne5 
Rc8 9.h4 f6 10.Nxg6 hxg6 11.d4 e6 12.Qd3 Ne7 13.Bxc6+ Rxc6 14.Bf4 a6 15.
O-O-O b5 16.Rde1 Kf7 17.Bd2 b4 18.Ne2 a5 19.Nf4 Qc8 20.Rh3 Qa6 21.Qxa6 
Rxa6 22.c3 bxc3 23.Bxc3 Nc8 24.Rhe3 Rxh4 25.Nxe6 Be7 26.f3 a4 27.Nc7 Rd6 
28.Nb5 Rb6 29.Na7 Rb7 30.Nxc8 Bf8 31.a3 Rh2 32.Re6 Kg8 33.Re8 Kf7 34.Rd8 
1-0

[Event "10th EUR-ch (w)"]
[Site "Sankt Petersburg RUS"]
[Date "2009.03.17"]
[Round "9"]
[White "Tomilova, Elena"]
[Black "Makka, Ioulia"]
[Result "1-0"]
[WhiteElo "2300"]
[BlackElo "2203"]
[EventDate "2009.03.08"]
[PlyCount "129"]

1.d4 d5 2.Nf3 c6 3.c4 Nf6 4.Nc3 a6 5.a4 e6 6.Bg5 Nbd7 7.e3 Qa5 8.Nd2 Bb4 
9.Qc2 dxc4 10.Bxf6 Nxf6 11.Nxc4 Qc7 12.Be2 O-O 13.O-O Nd7 14.Qe4 Re8 15.
Bd3 Nf8 16.Na2 Be7 17.a5 Bd7 18.b4 Rad8 19.Rab1 Bc8 20.Rfd1 Bf6 21.Nc3 g6 
22.Qf3 Bg7 23.Ne4 f5 24.Nc5 Kh8 25.h4 Qe7 26.h5 g5 27.Bc2 Nd7 28.Qg3 Nf8 
29.Ne5 g4 30.Bb3 Bf6 31.Qf4 Qg7 32.h6 Qe7 33.Qh2 Ng6 34.Ncd3 Qf8 35.Qh5 
Nxe5 36.Nxe5 Re7 37.Bc4 Bd7 38.Qh2 Be8 39.Nd3 Bg5 40.Qe5+ Qf6 41.Nc5 Bf7 
42.f4 gxf3 43.Qxf6+ Bxf6 44.gxf3 Rg8+ 45.Kf2 Bh4+ 46.Ke2 Bg5 47.Rh1 Rg6 
48.Rh5 Bxh6 49.Rbh1 Kg7 50.R5h2 Bg8 51.f4 Rf6 52.Nd3 Rc7 53.Ne5 Re7 54.Bb3
Rc7 55.Kd3 Re7 56.Kc3 Rc7 57.Kc4 Re7 58.Kc5 Re8 59.Kd6 Rc8 60.Kd7 Rff8 61.
Rg1+ Kh8 62.Rxh6 Rfd8+ 63.Ke7 Re8+ 64.Kf6 Rc7 65.Ng6# 1-0

[Event "10th EUR-ch (w)"]
[Site "Sankt Petersburg RUS"]
[Date "2009.03.17"]
[Round "9"]
[White "Peptan, Corina-Isabela"]
[Black "Huda, Maryana"]
[Result "1/2-1/2"]
[WhiteElo "2401"]
[BlackElo "2240"]
[EventDate "2009.03.08"]
[PlyCount "68"]

1.e4 e5 2.Nf3 Nc6 3.Bb5 a6 4.Ba4 d6 5.Bxc6+ bxc6 6.d4 f6 7.O-O g6 8.h3 Bg7
9.c4 Ne7 10.Nc3 O-O 11.Re1 Be6 12.c5 Qd7 13.Be3 d5 14.Qc1 dxe4 15.Nxe4 Bd5
16.Bh6 Bxh6 17.Qxh6 Nf5 18.Qd2 Bxe4 19.Rxe4 Qd5 20.Qd3 Rab8 21.b3 Rfd8 22.
Rae1 Rb4 23.Qxa6 Nxd4 24.Nxd4 Rxd4 25.Rxd4 exd4 26.Qd3 Qxc5 27.a4 Qd5 28.
Rc1 Rb8 29.Rc4 c5 30.a5 Re8 31.Rc1 Rb8 32.Rc4 Re8 33.Rc1 Rb8 34.Rc4 Re8 
1/2-1/2

[Event "10th EUR-ch (w)"]
[Site "Sankt Petersburg RUS"]
[Date "2009.03.17"]
[Round "9"]
[White "Wagener, Anna"]
[Black "Gritsaeva, Oksana"]
[Result "1-0"]
[WhiteElo "2255"]
[BlackElo "2341"]
[EventDate "2009.03.08"]
[PlyCount "129"]

1.e4 c5 2.Nf3 d6 3.d4 cxd4 4.Nxd4 Nf6 5.Nc3 a6 6.h3 b5 7.g4 e5 8.Nf5 Bb7 
9.Bg2 b4 10.Nd5 Nxd5 11.exd5 g6 12.Ne3 Bg7 13.O-O h5 14.Bd2 a5 15.a3 hxg4 
16.Qxg4 Rh4 17.Qg3 Bh6 18.Nc4 Bf4 19.Bxf4 Rxf4 20.b3 Na6 21.Qe3 Kf8 22.Qb6
Qxb6 23.Nxb6 Rd8 24.Nc4 a4 25.Na5 Rd7 26.axb4 Nxb4 27.c3 Nd3 28.Rxa4 Rxa4 
29.bxa4 Ba6 30.Rb1 Nc5 31.Rb4 Ra7 32.Rb8+ Kg7 33.Nc6 Rb7 34.Rxb7 Bxb7 35.
a5 Na4 36.c4 Kf8 37.h4 Ke8 38.Bh3 Ba6 39.Nb8 Nb2 40.Nxa6 Nxc4 41.Nc7+ Kd8 
42.Nb5 Nxa5 43.Nxd6 Ke7 44.Nb5 Nc4 45.Kf1 f5 46.Ke2 e4 47.h5 Kf6 48.d6 Ne5
49.h6 Nf7 50.h7 Kg7 51.d7 Kxh7 52.Nd6 Nd8 53.Ke3 Kg7 54.Nxf5+ gxf5 55.Bxf5
Kf6 56.Kxe4 Nf7 57.Bh3 Ng5+ 58.Kd5 Ke7 59.Bg4 Nf7 60.f4 Nd8 61.Kc5 Nf7 62.
Kc6 Kd8 63.Be6 Nh6 64.Kd5 Ke7 65.Ke5 1-0

[Event "10th EUR-ch (w)"]
[Site "Sankt Petersburg RUS"]
[Date "2009.03.17"]
[Round "9"]
[White "Eidelson, Rakhil"]
[Black "Berzina, Ilze"]
[Result "1-0"]
[WhiteElo "2225"]
[BlackElo "2308"]
[EventDate "2009.03.08"]
[PlyCount "87"]

1.e4 c6 2.d4 d5 3.Nd2 dxe4 4.Nxe4 Nd7 5.Nf3 Ngf6 6.Ng3 e6 7.Bd3 Be7 8.O-O 
O-O 9.Qe2 c5 10.c3 cxd4 11.Nxd4 Re8 12.Bc2 a6 13.Ne4 Nxe4 14.Qxe4 Nf6 15.
Qe2 Qc7 16.Bg5 Bd7 17.Rfe1 Rad8 18.Bh4 Qb6 19.Rad1 Qa5 20.Bg3 g6 21.Be5 
Nd5 22.Qf3 Qxa2 23.Bb3 Qa5 24.c4 Nb4 25.Qxb7 Bc8 26.Qf3 f6 27.Bxf6 Rf8 28.
Bxe7 Rxf3 29.Bxd8 Qxd8 30.Nxf3 Qf6 31.Ne5 Qg5 32.g3 Bb7 33.h4 Qf6 34.Ba4 
g5 35.hxg5 Qxg5 36.Rd7 Bc8 37.Rd4 Qf6 38.f4 h5 39.Red1 Kh7 40.Rd8 h4 41.
Rxc8 Nd5 42.cxd5 Qg7 43.Rd2 Kh6 44.Rh8+ 1-0

[Event "10th EUR-ch (w)"]
[Site "Sankt Petersburg RUS"]
[Date "2009.03.17"]
[Round "9"]
[White "Popova, Natalia"]
[Black "Yakovich, Yulia"]
[Result "1-0"]
[WhiteElo "2266"]
[BlackElo "2125"]
[EventDate "2009.03.08"]
[PlyCount "109"]

1.e4 e5 2.Nf3 Nc6 3.Bb5 a6 4.Ba4 Nf6 5.O-O Nxe4 6.d4 b5 7.Bb3 d5 8.dxe5 
Be6 9.Nbd2 Nc5 10.Qe2 Be7 11.c3 d4 12.cxd4 Nxd4 13.Nxd4 Qxd4 14.Bxe6 Nxe6 
15.Nb3 Qb6 16.Be3 c5 17.f4 Nd4 18.Qf2 Nxb3 19.axb3 Qc6 20.Rad1 O-O 21.f5 
f6 22.e6 Rfd8 23.Qg3 Kh8 24.Bf4 c4 25.bxc4 Rxd1 26.Rxd1 Qc5+ 27.Be3 Qxf5 
28.Qf3 Qxf3 29.gxf3 bxc4 30.Rd7 Re8 31.Ra7 Kg8 32.Rxa6 Bb4 33.Rc6 h5 34.
Kf2 Bf8 35.Ke2 Rb8 36.Bd4 Rd8 37.Rxc4 Rd6 38.b4 Rxe6+ 39.Kd3 Bd6 40.h3 Be5
41.b5 Kf7 42.Bxe5 Rxe5 43.Rb4 Re8 44.b6 g5 45.b7 Rb8 46.Kc4 f5 47.Kc5 g4 
48.fxg4 fxg4 49.hxg4 h4 50.Kc6 Kg6 51.Rb5 Rh8 52.b8=Q Rxb8 53.Rxb8 Kg5 54.
Rg8+ Kf4 55.g5 1-0

[Event "10th EUR-ch (w)"]
[Site "Sankt Petersburg RUS"]
[Date "2009.03.17"]
[Round "9"]
[White "Makropoulou, Marina"]
[Black "Balaian, Alina"]
[Result "1-0"]
[WhiteElo "2262"]
[BlackElo "2037"]
[EventDate "2009.03.08"]
[PlyCount "135"]

1.e4 e6 2.d4 d5 3.Nc3 Nf6 4.Bg5 Bb4 5.exd5 exd5 6.Bd3 Be6 7.Ne2 O-O 8.O-O 
c5 9.dxc5 Bxc5 10.Nf4 d4 11.Ne4 Be7 12.Qf3 Nd5 13.Bxe7 Nxe7 14.Ng5 Bf5 15.
Qxb7 Bxd3 16.Nxd3 Nbc6 17.Qb5 Rb8 18.Qc5 Rb6 19.Rfe1 Nd5 20.Ne4 Nc7 21.Qd6
Ne6 22.Qxd8 Rxd8 23.Nd2 Ne7 24.Nc4 Rb7 25.Re5 Rc7 26.b3 Nd5 27.Rae1 h6 28.
h4 a5 29.a4 Kh7 30.g3 Nc5 31.Nxc5 Rxc5 32.Nb6 f6 33.Rxd5 Rcxd5 34.Nxd5 
Rxd5 35.Kf1 Rc5 36.Re2 Rc3 37.Rd2 Kg6 38.Ke1 d3 39.Rxd3 Rxc2 40.Rd5 Rb2 
41.h5+ Kf7 42.Rb5 g5 43.g4 Ke6 44.f3 f5 45.gxf5+ Kf6 46.Kf1 Kf7 47.Rb6 Kg7
48.Kg1 Kf7 49.Kf1 Kg7 50.Rb5 Kf6 51.Ke1 Kf7 52.Kd1 Kf6 53.Kc1 Rf2 54.Rxa5 
Rxf3 55.Ra6+ Kxf5 56.Kb2 g4 57.Rxh6 Kg5 58.Rh8 Kh4 59.h6 Rf7 60.a5 g3 61.
Rg8 Kh3 62.a6 g2 63.b4 Rf2+ 64.Kb3 Rf3+ 65.Ka4 Rf6 66.h7 Rxa6+ 67.Kb5 Rh6 
68.h8=Q 1-0

[Event "10th EUR-ch (w)"]
[Site "Sankt Petersburg RUS"]
[Date "2009.03.17"]
[Round "9"]
[White "Mammadova, Gulnar"]
[Black "Fakhiridou, Ekaterini"]
[Result "1/2-1/2"]
[WhiteElo "2175"]
[BlackElo "2257"]
[EventDate "2009.03.08"]
[PlyCount "77"]

1.e4 c5 2.Nc3 Nc6 3.g3 g6 4.Bg2 Bg7 5.d3 e6 6.f4 Nge7 7.Nf3 d6 8.O-O O-O 
9.Be3 Nd4 10.e5 Nef5 11.Bf2 Nxf3+ 12.Qxf3 Nd4 13.Qd1 dxe5 14.fxe5 Bxe5 15.
Ne4 f5 16.Nxc5 Qd6 17.b4 Nb5 18.a4 Nc7 19.d4 Bg7 20.c3 Rb8 21.Qb3 b6 22.
Nd3 Bb7 23.Bxb7 Rxb7 24.Rae1 g5 25.Re2 Rbb8 26.Rfe1 Rbe8 27.b5 Kh8 28.Nb4 
f4 29.Nc6 Nd5 30.c4 fxg3 31.hxg3 Nc7 32.Qe3 Rf5 33.Kg2 Ref8 34.Nxa7 Qb4 
35.c5 Qxa4 36.cxb6 Nxb5 37.Nxb5 Qxb5 38.Qxe6 R5f6 39.Qe4 1/2-1/2

[Event "10th EUR-ch (w)"]
[Site "Sankt Petersburg RUS"]
[Date "2009.03.17"]
[Round "9"]
[White "Gvetadze, Sopio"]
[Black "Jinova, Lucie"]
[Result "1-0"]
[WhiteElo "2377"]
[BlackElo "2131"]
[EventDate "2009.03.08"]
[PlyCount "57"]

1.e4 e6 2.d3 d5 3.Nd2 Nf6 4.Ngf3 Nc6 5.g3 dxe4 6.dxe4 e5 7.Bg2 Bc5 8.O-O 
O-O 9.Qe2 a5 10.Qc4 b6 11.Qa4 Bd7 12.c3 Qe7 13.Qc2 b5 14.Nh4 Rad8 15.a4 
bxa4 16.Nf5 Qe6 17.Rxa4 Bb6 18.Nf3 Nxe4 19.Nxg7 Kxg7 20.Rxe4 h6 21.Bf4 f6 
22.Bxh6+ Kf7 23.Bxf8 Rxf8 24.Rh4 Ne7 25.Bh3 Qc6 26.Bxd7 Qxd7 27.Rd1 Qc6 
28.Rh7+ Ke8 29.Qd3 1-0

[Event "10th EUR-ch (w)"]
[Site "Sankt Petersburg RUS"]
[Date "2009.03.17"]
[Round "9"]
[White "Kochetkova, Yulia"]
[Black "Hairapetian, Anna"]
[Result "1-0"]
[WhiteElo "2315"]
[BlackElo "2177"]
[EventDate "2009.03.08"]
[PlyCount "75"]

1.e4 c5 2.Nf3 d6 3.d4 cxd4 4.Qxd4 a6 5.c4 Nc6 6.Qe3 Nf6 7.h3 g6 8.Be2 Bg7 
9.O-O O-O 10.Nc3 e5 11.Rd1 Ne8 12.b3 Nd4 13.Qd3 Nc7 14.Nxd4 exd4 15.Nd5 
Ne6 16.Bb2 Bd7 17.Rab1 Re8 18.Qg3 Bc6 19.Bd3 Rb8 20.Bc2 b5 21.cxb5 Bxb5 
22.a4 Bc6 23.Nf4 Nc5 24.Bxd4 Bxd4 25.Rxd4 Bxe4 26.Bxe4 Rxe4 27.Rxe4 Nxe4 
28.Qe3 Nf6 29.Qd4 a5 30.b4 Qe7 31.b5 Qe5 32.Rd1 Ne4 33.Nd5 Nc5 34.Qd2 Nxa4
35.Re1 Qb2 36.Qf4 Qxb5 37.Qd4 Qc5 38.Ne7+ 1-0

[Event "10th EUR-ch (w)"]
[Site "Sankt Petersburg RUS"]
[Date "2009.03.17"]
[Round "9"]
[White "Kuzevanova, Evgenia"]
[Black "Mamedyarova, Turkan"]
[Result "1/2-1/2"]
[WhiteElo "2131"]
[BlackElo "2245"]
[EventDate "2009.03.08"]
[PlyCount "93"]

1.e4 e5 2.Nf3 Nc6 3.d4 exd4 4.Nxd4 Bc5 5.Nb3 Bb6 6.a4 a6 7.Nc3 d6 8.Nd5 
Ba7 9.Qf3 Ne5 10.Qg3 Ng4 11.Qc3 Kf8 12.Nxc7 Rb8 13.f3 Nf2 14.Rg1 Nxe4 15.
fxe4 Qh4+ 16.g3 Qxe4+ 17.Be2 Bxg1 18.Bf4 Ba7 19.Bxd6+ Ne7 20.O-O-O Bf5 21.
Nd5 Rc8 22.Bxe7+ Kg8 23.Bd3 Qxd5 24.Qxc8+ Bxc8 25.Bxh7+ Kxh7 26.Rxd5 Bg4 
27.Bc5 Re8 28.Kd2 Re2+ 29.Kc3 Bxc5 30.Nxc5 Rxh2 31.Nxb7 Rg2 32.Rd3 Bf5 33.
Rf3 Bg6 34.b4 Rxc2+ 35.Kb3 Rc7 36.Nc5 Rc6 37.Nd3 f6 38.b5 axb5 39.axb5 Rb6
40.Kb4 Be8 41.Rf5 Rd6 42.Nf4 Rd1 43.Rc5 Rg1 44.b6 Rb1+ 45.Ka5 Ra1+ 46.Kb4 
Rb1+ 47.Ka5 1/2-1/2

[Event "10th EUR-ch (w)"]
[Site "Sankt Petersburg RUS"]
[Date "2009.03.17"]
[Round "9"]
[White "Kushka, Alena"]
[Black "Kostiukova, Liubov"]
[Result "1-0"]
[WhiteElo "2124"]
[BlackElo "2235"]
[EventDate "2009.03.08"]
[PlyCount "73"]

1.d4 Nf6 2.c4 g6 3.Nc3 Bg7 4.e4 d6 5.f4 c5 6.d5 O-O 7.Nf3 e6 8.dxe6 Bxe6 
9.Bd3 Bg4 10.O-O Nc6 11.h3 Bxf3 12.Qxf3 Nd7 13.Bd2 Nd4 14.Qf2 f5 15.Rae1 
Nb8 16.Nd5 Nbc6 17.Bc3 Qd7 18.exf5 gxf5 19.Re3 Rf7 20.Rfe1 Raf8 21.Qh4 Bf6
22.Qh6 Bd8 23.Kh1 Rg7 24.g4 fxg4 25.Rg1 Qf7 26.Rxg4 Rxg4 27.hxg4 Qg7 28.
Rh3 Rf7 29.Qxg7+ Rxg7 30.g5 Rf7 31.Rh6 Rd7 32.Kg2 a6 33.a4 Na7 34.Bxd4 
cxd4 35.Bf5 Rg7 36.Kf3 Bc7 37.g6 1-0

[Event "10th EUR-ch (w)"]
[Site "Sankt Petersburg RUS"]
[Date "2009.03.17"]
[Round "9"]
[White "Shaidullina, Sandugach"]
[Black "Sokolova, Vera"]
[Result "1/2-1/2"]
[WhiteElo "2232"]
[BlackElo "2084"]
[EventDate "2009.03.08"]
[PlyCount "153"]

1.d4 d5 2.c4 e6 3.Nf3 c5 4.cxd5 exd5 5.Nc3 Nc6 6.g3 Nf6 7.Bg2 Be7 8.O-O 
O-O 9.dxc5 Bxc5 10.a3 a6 11.b4 Ba7 12.Bg5 Be6 13.Bxf6 gxf6 14.e3 Qd7 15.
Ne2 Rad8 16.Nfd4 Kh8 17.Rc1 Rg8 18.Nxc6 bxc6 19.Qa4 c5 20.Qxd7 Rxd7 21.
bxc5 Rc8 22.c6 Rdc7 23.Nf4 Rxc6 24.Rxc6 Rxc6 25.Nxd5 f5 26.h4 Rc5 27.Nb4 
Rc3 28.a4 Ra3 29.a5 Bc5 30.Nxa6 Bf8 31.Rd1 Rxa5 32.Nc7 Ra7 33.Nb5 Rd7 34.
Ra1 Kg7 35.Bc6 Rd8 36.Ra7 Bc5 37.Ra8 Rxa8 38.Bxa8 Kf6 39.Kg2 h6 40.Nc7 Bb6
41.Nd5+ Bxd5+ 42.Bxd5 Ke7 43.Kf3 Bc7 44.Ke2 Be5 45.Kd3 Bg7 46.Kc4 Bf6 47.
Bb7 Bb2 48.Kb3 Bg7 49.Bc8 Kf6 50.Kc4 Kg6 51.f4 Bb2 52.Kd3 Kf6 53.Bd7 Bc1 
54.Bc8 Ba3 55.e4 fxe4+ 56.Kxe4 Bb4 57.g4 Bd2 58.Ba6 Bc1 59.Bc4 Bd2 60.Kf3 
Bc1 61.Ba2 Bd2 62.Ke4 Bc1 63.Bb1 Bd2 64.g5+ hxg5 65.hxg5+ Kg7 66.Kf5 Bc3 
67.Ba2 f6 68.g6 Bb2 69.Bf7 Bc3 70.Ke4 Bb2 71.Be8 Bc3 72.Kd3 Bb2 73.Ke4 Ba1
74.Kd3 Bb2 75.Ke2 Bd4 76.Kd2 Bb2 77.Kd3 1/2-1/2

[Event "10th EUR-ch (w)"]
[Site "Sankt Petersburg RUS"]
[Date "2009.03.17"]
[Round "9"]
[White "Abdulla, Khayala"]
[Black "Tsatsalashvili, Keti"]
[Result "0-1"]
[WhiteElo "2070"]
[BlackElo "2231"]
[EventDate "2009.03.08"]
[PlyCount "138"]

1.e4 c5 2.Nf3 d6 3.d4 cxd4 4.Nxd4 Nf6 5.Nc3 Nc6 6.Bc4 e6 7.Bb3 a6 8.Be3 
Qc7 9.f4 Be7 10.Qf3 Nxd4 11.Bxd4 b5 12.Bxf6 Bxf6 13.e5 Bb7 14.Ne4 dxe5 15.
O-O-O Bxe4 16.Qxe4 O-O 17.f5 exf5 18.Qxf5 Rad8 19.c3 Qc6 20.Bc2 g6 21.Qg4 
Bg7 22.Bb3 Rd4 23.Qg5 b4 24.Rxd4 exd4 25.Bd5 Bh6 26.Bxc6 Bxg5+ 27.Kc2 dxc3
28.bxc3 Rc8 29.Bd5 Rxc3+ 30.Kb1 Kg7 31.Rf1 Rc7 32.Kb2 Bf6+ 33.Kb3 Rc5 34.
Bc4 a5 35.Rf3 h5 36.h3 Rc7 37.Rd3 Be7 38.Bb5 Rc5 39.Bc4 Rc7 40.Bb5 Rc1 41.
Rd7 Rc3+ 42.Kb2 Bf6 43.Kb1 b3 44.Ba4 bxa2+ 45.Kxa2 Rc1 46.Ra7 Ra1+ 47.Kb3 
Rb1+ 48.Ka3 Bb2+ 49.Kb3 Bd4+ 50.Kc2 Rb2+ 51.Kc1 Rxg2 52.Rxa5 Ra2 53.Kd1 
Ra3 54.Ke2 Re3+ 55.Kf1 Rxh3 56.Rd5 Rh4 57.Bb3 Rf4+ 58.Kg2 h4 59.Bd1 Bf6 
60.Kh3 Be7 61.Rd7 Re4 62.Bf3 Re3 63.Kg4 f5+ 64.Kf4 Re1 65.Rb7 Kf6 66.Bg2 
g5+ 67.Kf3 g4+ 68.Kf2 Re5 69.Rb6+ Kg5 0-1

[Event "10th EUR-ch (w)"]
[Site "Sankt Petersburg RUS"]
[Date "2009.03.17"]
[Round "9"]
[White "Ambartsumova, Karina"]
[Black "Ni, Viktorija"]
[Result "1-0"]
[WhiteElo "2227"]
[BlackElo "2150"]
[EventDate "2009.03.08"]
[PlyCount "161"]

1.d4 Nf6 2.c4 g6 3.Nc3 Bg7 4.Nf3 d6 5.Bg5 O-O 6.e3 c5 7.d5 e6 8.dxe6 Bxe6 
9.Be2 h6 10.Bh4 Nc6 11.O-O g5 12.Bg3 d5 13.Nb5 Ne4 14.cxd5 Bxd5 15.Bc7 Qd7
16.Bc4 Be6 17.Qxd7 Bxd7 18.Rad1 Bf5 19.b3 g4 20.Nh4 Bh7 21.f3 gxf3 22.gxf3
Nc3 23.Nxc3 Bxc3 24.Rd7 Bf6 25.Ng2 Bf5 26.Rd5 Ne7 27.Rxc5 b6 28.Rb5 Rfc8 
29.Bf4 Rd8 30.Bxh6 Rab8 31.e4 a6 32.Rxf5 Nxf5 33.exf5 b5 34.Be2 Rd5 35.Rd1
Rbd8 36.Rxd5 Rxd5 37.Kf2 Rxf5 38.Bd3 Rd5 39.Ke2 Re5+ 40.Be3 Bd8 41.Kf2 Rh5
42.Bf4 Rd5 43.Bc2 Bc7 44.Be4 Rc5 45.Be3 Rc3 46.h4 Be5 47.h5 a5 48.Bd2 Rc5 
49.h6 Bd4+ 50.Be3 Bxe3+ 51.Kxe3 f5 52.Kd4 Rc1 53.Bxf5 Ra1 54.h7+ Kh8 55.
Nf4 Rxa2 56.Nd3 Kg7 57.Ne5 Rh2 58.Bd3 a4 59.bxa4 bxa4 60.Nc4 Ra2 61.Kc3 a3
62.Be4 Ra1 63.Ne5 Rh1 64.Kb3 Rh5 65.Nc6 Rh3 66.Nd4 Kf6 67.Kxa3 Ke5 68.Ne2 
Kf6 69.Kb4 Kg7 70.Nd4 Rh2 71.Kc5 Kf6 72.Kd6 Rh3 73.Ne6 Rh2 74.Nf4 Kg7 75.
Ke5 Rh1 76.Ne6+ Kh8 77.Ng5 Rh5 78.Kf6 Rh6+ 79.Ke7 Rf6 80.Bd5 Rf5 81.Nf7+ 
1-0

[Event "10th EUR-ch (w)"]
[Site "Sankt Petersburg RUS"]
[Date "2009.03.17"]
[Round "9"]
[White "Ziaziulkina, Nastassia"]
[Black "Bezgodova, Svetlana"]
[Result "1/2-1/2"]
[WhiteElo "1950"]
[BlackElo "2214"]
[EventDate "2009.03.08"]
[PlyCount "117"]

1.e4 e5 2.Nf3 Nc6 3.Bb5 a6 4.Ba4 Nf6 5.O-O Be7 6.Re1 b5 7.Bb3 d6 8.c3 O-O 
9.h3 h6 10.d4 Re8 11.Nbd2 Bf8 12.Bc2 Bb7 13.d5 Ne7 14.b3 c6 15.c4 cxd5 16.
cxd5 Rc8 17.Bb2 Ng6 18.g3 Qd7 19.Kg2 Rc7 20.Nf1 Rec8 21.Rc1 Be7 22.Bb1 Nh7
23.Ne3 Ng5 24.Nxg5 Bxg5 25.Rxc7 Rxc7 26.Qg4 Qxg4 27.hxg4 Ne7 28.Ba3 Nc8 
29.Bb4 g6 30.Bd3 Bxe3 31.Rxe3 Rc1 32.Re2 Kg7 33.Rd2 Kf8 34.Ba3 Rc3 35.Rd1 
g5 36.Bb4 Rc7 37.Ra1 Rd7 38.Bd2 Nb6 39.Ba5 Na8 40.Rc1 f6 41.Rh1 Kg7 42.Ra1
Kg6 43.a4 bxa4 44.Rxa4 Kg7 45.Bd2 Nc7 46.Rb4 Na8 47.Be3 Kg6 48.Ra4 Nc7 49.
Bb6 Na8 50.Ba5 Kg7 51.Ra1 Kg6 52.b4 Nc7 53.Bxc7 Rxc7 54.Bxa6 Bxa6 55.Rxa6 
Rc4 56.b5 Rxe4 57.Rxd6 Rxg4 58.b6 Rb4 59.Rc6 1/2-1/2

[Event "10th EUR-ch (w)"]
[Site "Sankt Petersburg RUS"]
[Date "2009.03.17"]
[Round "9"]
[White "Lezhepekova, Veronika"]
[Black "Korchagina, Viktoria"]
[Result "0-1"]
[WhiteElo "1917"]
[BlackElo "2187"]
[EventDate "2009.03.08"]
[PlyCount "88"]

1.e4 c5 2.Nf3 d6 3.d4 cxd4 4.Nxd4 Nf6 5.Nc3 a6 6.Be2 e5 7.Nb3 Be7 8.Bg5 
Be6 9.Bxf6 Bxf6 10.O-O O-O 11.a4 Nc6 12.Nd5 Bg5 13.a5 Rc8 14.c3 Bxd5 15.
Qxd5 Ne7 16.Qd1 Qc7 17.Nd2 Rcd8 18.Nf3 Bf6 19.Qb3 d5 20.exd5 Nxd5 21.Bc4 
Nf4 22.Rfe1 Qc6 23.Rad1 Rxd1 24.Rxd1 e4 25.Nd4 Bxd4 26.Rxd4 Qg6 27.g3 Nh3+
28.Kg2 Qf5 29.Qc2 Ng5 30.Kf1 Qh3+ 31.Ke2 Qg4+ 32.Kf1 Nf3 33.Rd1 e3 34.Kg2 
Nh4+ 35.Kg1 Qxc4 36.gxh4 Qg4+ 37.Kf1 Qf3 38.Re1 Re8 39.Kg1 e2 40.Qd2 h6 
41.h3 Re6 42.h5 Re5 43.h4 Re4 44.Qd8+ Kh7 0-1

[Event "10th EUR-ch (w)"]
[Site "Sankt Petersburg RUS"]
[Date "2009.03.17"]
[Round "9"]
[White "Zykova, Antonina"]
[Black "Molchanova, Tatiana"]
[Result "0-1"]
[WhiteElo "2103"]
[BlackElo "2319"]
[EventDate "2009.03.08"]
[PlyCount "46"]

1.e4 e5 2.Bc4 d6 3.Nf3 Be7 4.d4 exd4 5.Nxd4 Nf6 6.Nc3 O-O 7.O-O c6 8.a4 
Nbd7 9.a5 Nc5 10.f3 a6 11.Kh1 d5 12.exd5 Nxd5 13.Nxd5 cxd5 14.Be2 Bf6 15.
Be3 Re8 16.Bf2 Be5 17.Qd2 Qf6 18.Rae1 Bd7 19.Bd1 Rad8 20.c3 Bf4 21.Be3 
Rxe3 22.Ne2 Bh6 23.Qxd5 Nd3 0-1